| 000 | 00595nam a2200241Ia 4500 | ||
|---|---|---|---|
| 003 | OSt | ||
| 005 | 20221005120506.0 | ||
| 006 | a|||||r|||| 00| 0 | ||
| 007 | ta | ||
| 008 | 221004b |||||||| |||| 00| 0 mar d | ||
| 024 | _a40480 | ||
| 037 | _cTextual | ||
| 040 |
_aCRL _cCRL _bmar |
||
| 041 |
_2mar _amar |
||
| 082 | _aR66xJ48,1, 155B8 | ||
| 100 |
_aMandali _9629233 |
||
| 245 | 0 | _aEknathswamikrit annadanubhav | |
| 260 | _c1888 | ||
| 300 |
_a35p. _ccm. |
||
| 650 | _aPHILOSOPHY | ||
| 942 |
_hR66xJ48,1, 155B8 _cTEXL _2cc |
||
| 999 |
_c1038243 _d1038243 |
||